The Aloineae : (Record no. 8527)

MARC details
000 -LEADER
fixed length control field 00964nac a22002771i 4500
003 - CONTROL NUMBER IDENTIFIER
control field EG-ScBUE
005 - DATE AND TIME OF LATEST TRANSACTION
control field 20260330101528.0
008 - FIXED-LENGTH DATA ELEMENTS--GENERAL INFORMATION
fixed length control field 260315t1979 kyua f b 001 0 eng d
020 ## - INTERNATIONAL STANDARD BOOK NUMBER
International Standard Book Number 0813113768
040 ## - CATALOGING SOURCE
Original cataloging agency EG-ScBUE
Language of cataloging eng
Description conventions rda
Transcribing agency EG-ScBUE
Modifying agency EG-ScBUE
082 04 - DEWEY DECIMAL CLASSIFICATION NUMBER
Classification number 584.324
Item number RIL
Edition number 22
100 1# - MAIN ENTRY--PERSONAL NAME
Personal name Riley, Herbert Parkes,
Dates associated with a name 1904-
Relator term author.
245 14 - TITLE STATEMENT
Title The Aloineae :
Remainder of title a biosystematic survey /
Statement of responsibility, etc Herbert Parkes Riley, Shyamal K. Majumdar.
264 #1 - PUBLICATION, DISTRIBUTION, ETC. (IMPRINT)
Place of publication, distribution, etc Lexington, Kentucky :
Name of publisher, distributor, etc The University Press of Kentucky,
Date of publication, distribution, etc [1979]
264 #4 - PUBLICATION, DISTRIBUTION, ETC. (IMPRINT)
Date of publication, distribution, etc c1979
300 ## - PHYSICAL DESCRIPTION
Extent ix, 177 pages :
Other physical details illustrations ;
Dimensions 29 cm
336 ## - CONTENT TYPE
Source rdacontent
Content type term text
Content type code txt
337 ## - MEDIA TYPE
Media type term unmediated
Source rdamedia
Media type code n
338 ## - CARRIER TYPE
Carrier type term volume
Carrier type code nc
Source rdacarrier
504 ## - BIBLIOGRAPHY, ETC. NOTE
Bibliography, etc Includes bibliographical references and index.
650 #7 - SUBJECT ADDED ENTRY--TOPICAL TERM
Topical term or geographic name as entry element Liliaceae
General subdivision Cytotaxonomy.
Source of heading or term BUEsh
650 #7 - SUBJECT ADDED ENTRY--TOPICAL TERM
Topical term or geographic name as entry element Plant cytotaxonomy.
Source of heading or term BUEsh
655 ## - INDEX TERM--GENRE/FORM
Form subdivision Reading book
700 1# - ADDED ENTRY--PERSONAL NAME
Personal name Majumdar, Shyamal K.,
Dates associated with a name 1938-
Relator term author.
942 ## - ADDED ENTRY ELEMENTS (KOHA)
Koha item type Book - Borrowing
Source of classification or shelving scheme Dewey Decimal Classification
Holdings
Withdrawn status Lost status Source of classification or shelving scheme Damaged status Not for loan Collection code Home library Current library Shelving location Date acquired Source of acquisition Total Checkouts Full call number Barcode Date last seen Price effective from Koha item type
    Dewey Decimal Classification     Alahram Central Library Central Library First floor 08/03/2012 Purchase   584.324 RIL 000010350 15/07/2025 12/03/2008 Book - Borrowing